<A> model for financial programming
Saved in:
| Main Author: | |
|---|---|
| Format: | Book |
| Language: | English |
| Published: |
Washington
IMF
1998
|
| Series: | IMF working paper
WP/98/80 |
| Subjects: | |
| Tags: |
No Tags, Be the first to tag this record!
|
MARC
| LEADER | 00000nam a2200000 4500 | ||
|---|---|---|---|
| 001 | c106759 | ||
| 005 | 20250509104036.0 | ||
| 041 | 0 | |a eng | |
| 044 | |a US | ||
| 245 | 1 | 0 | |a <A> model for financial programming |c Prepared by Jan G. Mikkelsen |
| 264 | 1 | |a Washington |b IMF |c 1998 | |
| 300 | |a 31 s. | ||
| 490 | 1 | |a IMF working paper |v WP/98/80 | |
| 830 | 0 | |a IMF working paper |v WP/98/80 | |
| 610 | 2 | 0 | |a modely simulačné |
| 610 | 2 | 0 | |a programovanie |
| 610 | 2 | 0 | |a financie |
| 610 | 2 | 0 | |a rast hospodársky |
| 610 | 2 | 0 | |a trh |
| 610 | 2 | 0 | |a tovar |
| 610 | 2 | 0 | |a trh peňažný |
| 610 | 2 | 0 | |a sektor verejný |
| 610 | 2 | 0 | |a trh devízový |
| 610 | 2 | 0 | |a ceny |
| 610 | 2 | 0 | |a simulácia |
| 610 | 2 | 0 | |a El Salvador |
| 610 | 2 | 0 | |a Excel |
| 100 | 1 | |a Mikkelsen, Jan G. | |